000 00611nam a2200229Ia 4500
003 OSt
005 20220928135856.0
006 a|||||r|||| 00| 0
007 ta
008 220927b |||||||| |||| 00| 0 eng d
024 _a5261
037 _cTextual
040 _aSDCL
_cSDCL
_beng
041 _2eng
_aeng
082 _aA.2-1'N8, N0
100 _aLavakare P J
_9493029
245 0 _aScience and technology in the State and union territories.
260 _c1990
700 _a Sehgal C P
_9493030
942 _hA.2-1'N8, N0
_cTEXL
_2CC
999 _c808753
_d808753